Norway at the Eurovision Song Contest - Statistics

General Stats
  • This quiz has been taken 186 times
    10 since last reset
  • The average score is 15 of 64
Answer Stats
Year Song Artist % Correct
2009 Fairytale Alexander Rybak
100%
2018 That's how you write a song Alexander Rybak
100%
2023 Queen of kings Alessandra
83%
2026 Ya ya ya Jonas Lovv
83%
1985 La det swinge Bobbysocks
50%
1978 Mil etter mil Jahn Teigen
50%
1983 Do re mi Jahn Teigen
50%
1982 Adieu Jahn Teigen & Anita Skorgan
50%
2019 Spirit in the sky KEiiNO
50%
2025 Lighter Kyle Alessandro
50%
2022 Give that wolf a banana Subwoolfer
50%
2016 Icebreaker Agnete
33%
2014 Silent storm Carl Espen
33%
2006 Alvedansen Christine Guldbrandsen
33%
2010 My heart is yours Didrik Solli-Tangen
33%
2024 Ulveham Gåte
33%
2007 Ven a bailar conmigo Guri Schanke
33%
2017 Grab the moment JOWST & Aleksander Walmann
33%
2013 I feed you my love Margaret Berger
33%
2015 A monster like me Mørland & Debrah Scarlett
33%
1995 Nocturne Secret Garden
33%
2011 Haba haba Stella Mwangi
33%
2021 Fallen angel TIX
33%
2012 Stay Tooji
33%
1997 San Francisco Tor Endresen
33%
2005 In my dreams Wig Wam
33%
1977 Casanova Anita Skorgan
17%
1979 Oliver Anita Skorgan
17%
2000 My heart goes boom Charmed
17%
1996 I evighet Elisabeth Andreassen
17%
1994 Duett Elisabeth Andreassen & Jan Werner Danielsen
17%
1981 Aldri i livet Finn Kalvik
17%
1972 Småting Grethe Kausland & Benny Borg
17%
1971 Lykken er Hanne Krogh
17%
2003 I'm not afraid to move on Jostein Hasselgård
17%
1987 Mitt liv Kate Gulbrandsen
17%
1986 Romeo Ketil Stokkan
17%
1990 Brandenburger Tor Ketil Stokkan
17%
2004 High Knut Anders Sørum
17%
2008 Hold on be strong Maria Haukaas Storeng
17%
1999 Living my life without you Stig Van Eijk
17%
1963 Solhverv Anita Thallaug
0%
1976 Mata Hari Anne-Karine Strøm
0%
1974 The first day of love Anne-Karine Strøm & Bendik Singers
0%
1964 Spiral Arne Bendiksen
0%
1966 Intet er nytt under solen Åse Kleveland
0%
1973 It's just a game Bendik Singers
0%
1989 Venners nærhet Britt Synnøve Johansen
0%
1984 Lenge leve livet Dollie de Luxe
0%
1975 You touched my life with summer Ellen Nikolaysen
0%
2001 On my own Haldor Lægreid
0%
1962 Kom sol, kom regn Inger Jacobsen
0%
1991 Mrs. Thompson Just 4 Fun
0%
1988 For vår jord Karoline Krüger
0%
1965 Karusell Kirsti Sparboe
0%
1967 Dukkemann Kirsti Sparboe
0%
1969 Oj, oj, oj, så glad jeg skal bli Kirsti Sparboe
0%
1998 Alltid sommer Lars A. Fredriksen
0%
1992 Visjoner Merethe Trøan
0%
1960 Voi voi Nora Brockstedt
0%
1961 Sommer i Palma Nora Brockstedt
0%
1968 Stress Odd Børre
0%
1993 Alle mine tankar Silje Vige
0%
1980 Sámiid ædnan Sverre Kjelsberg & Mattis Hætta
0%
No matching quizzes found
Score Distribution
Percent of People with Each Score
Percentile by Number Answered
Your Score History
You have not taken this quiz since the last reset